[Event "Barber/Rockefeller Qualifier"]
[Site "Chess.com"]
[Date "2020.04.11"]
[Round "?"]
[White "Kwan, Joshua"]
[Black "Velea, Sophie"]
[Result "0-1"]
[WhiteElo "1329"]
[BlackElo "1886"]
[PlyCount "98"]
[EventDate "2020.??.??"]

1. e4 c5 2. Nf3 d6 3. d4 cxd4 4. Nxd4 Nf6 5. Nc3 g6 6. Be3 Bg7 7. Bc4 O-O 8. f3
Nc6 9. Qd2 Bd7 10. O-O-O Rc8 11. Kb1 Nxd4 12. Qxd4 Ng4 13. Qd3 Nxe3 14. Qxe3
Rxc4 15. Rd3 Be6 16. a3 Qa5 17. Ne2 Rfc8 18. Rc1 b5 19. Nd4 Bxd4 20. Rxd4 b4
21. Rd3 Rb8 22. f4 bxa3 23. Rxa3 Ra4 24. Ka1 Qb4 25. Rb1 Rxa3+ 26. Qxa3 Qxe4
27. b3 Qxc2 28. Qb2 Qxb2+ 29. Rxb2 Rxb3 30. Rxb3 Bxb3 31. Kb2 Bd5 32. Kc3 Bxg2
33. h4 e5 34. fxe5 dxe5 35. Kd2 e4 36. Ke3 a5 37. Kf2 Bf3 38. Ke3 a4 39. Kd2 a3
40. Kc2 e3 41. Kb3 e2 42. Kxa3 e1=Q 43. Kb3 Qc1 44. Kb4 Bd5 45. Kb5 Qc4+ 46.
Kb6 Qc6+ 47. Ka5 Qb7 48. Ka4 Qb6 49. Ka3 Qb3# 0-1

[Event "Barber/Rockefeller Qualifier"]
[Site "Chess.com"]
[Date "2020.04.12"]
[Round "?"]
[White "Velea, Sophie"]
[Black "Li, Edward"]
[Result "1/2-1/2"]
[WhiteElo "1886"]
[BlackElo "1595"]
[PlyCount "86"]
[EventDate "2020.??.??"]

1. e4 e5 2. Nf3 Nc6 3. Bc4 Bb4 4. c3 Ba5 5. O-O Nf6 6. d3 h6 7. d4 exd4 8. e5
d5 9. exf6 dxc4 10. fxg7 Rg8 11. Re1+ Be6 12. Bxh6 Qf6 13. Qc1 O-O-O 14. Qg5
Qf5 15. Qxf5 Bxf5 16. Rc1 dxc3 17. Nxc3 Rd6 18. Bf4 Re6 19. Ng5 Rg6 20. g3
R6xg7 21. Nf3 Bg4 22. Ne5 Nd4 23. Kg2 Be6 24. Be3 Nf5 25. Nf3 Nxe3+ 26. fxe3
Rd8 27. Rd1 Rgg8 28. Nd4 Bg4 29. Rf1 c5 30. Nf3 Rge8 31. Ng5 Rxe3 32. Rxf7 Bxc3
33. bxc3 Rxc3 34. Raf1 Rc2+ 35. R1f2 Rdd2 36. Ne4 Rxf2+ 37. Rxf2 Rxf2+ 38. Kxf2
b6 39. h4 Kc7 40. Nf6 Be6 41. Ne4 Bg4 42. Nf6 Be6 43. Ne4 Bg4 1/2-1/2

[Event "Barber/Rockefeller Qualifier"]
[Site "Chess.com"]
[Date "2020.04.12"]
[Round "?"]
[White "Jammalamadaka, Varnika"]
[Black "Velea, Sophie"]
[Result "0-1"]
[WhiteElo "1592"]
[BlackElo "1886"]
[PlyCount "76"]
[EventDate "2020.??.??"]

1. d4 d5 2. c4 e6 3. Nc3 Be7 4. cxd5 exd5 5. Bf4 c6 6. e3 Bf5 7. Bd3 Bxd3 8.
Qxd3 Nf6 9. Nge2 Nbd7 10. O-O Nh5 11. Rfe1 Nxf4 12. Nxf4 O-O 13. Rac1 Bd6 14.
Qf5 Bxf4 15. Qxf4 Nf6 16. Rcd1 Re8 17. f3 Qb6 18. Re2 Re7 19. e4 Rae8 20. e5
Nd7 21. Qg4 f6 22. Kh1 fxe5 23. Rde1 Nf6 24. Qh4 e4 25. fxe4 Qxd4 26. Rd1 Qc4
27. Qe1 Nxe4 28. Nxe4 Rxe4 29. Rxe4 Qxe4 30. Qg3 Qc2 31. Rf1 Qxb2 32. Qc7 Qf6
33. Rg1 Qe7 34. Qa5 b6 35. Qc3 c5 36. Qd3 d4 37. Qc4+ Qe6 38. Qa6 c4 0-1

[Event "Barber/Rockefeller Qualifier"]
[Site "Chess.com"]
[Date "2020.04.12"]
[Round "?"]
[White "Velea, Sophie"]
[Black "Vemparala, Nikash"]
[Result "1-0"]
[WhiteElo "1886"]
[BlackElo "1738"]
[PlyCount "75"]
[EventDate "2020.??.??"]

1. e4 e5 2. Nf3 Nc6 3. Bc4 Bc5 4. c3 Nf6 5. d4 exd4 6. e5 d5 7. Bb5 Ne4 8. cxd4
Bb6 9. Nc3 O-O 10. Be3 Bf5 11. a3 a6 12. Bd3 h6 13. Qc2 Nxc3 14. bxc3 Bxd3 15.
Qxd3 Qe7 16. O-O Rad8 17. Bf4 Na5 18. Nd2 c5 19. Be3 c4 20. Qc2 Qd7 21. f4 Bc7
22. f5 Kh7 23. e6 Qc6 24. f6+ g6 25. e7 Rfe8 26. exd8=Q Bxd8 27. Rf3 h5 28.
Raf1 Re6 29. Bf4 Rxf6 30. Bg5 Rxf3 31. Nxf3 Bc7 32. Ne5 Bxe5 33. dxe5 Kg8 34.
Qf2 Qd7 35. Qf6 Qe6 36. Qd8+ Kg7 37. Bf6+ Kh7 38. Qh8# 1-0

[Event "Barber/Rockefeller Qualifier"]
[Site "Chess.com"]
[Date "2020.04.11"]
[Round "?"]
[White "Liu, Austin"]
[Black "Li, Emma"]
[Result "1-0"]
[WhiteElo "1791"]
[BlackElo "1476"]
[PlyCount "87"]
[EventDate "2020.??.??"]

1. e4 e5 2. Nf3 Nc6 3. Bb5 Nf6 4. O-O Bc5 5. Re1 O-O 6. c3 d6 7. h3 Re8 8. d3
h6 9. a3 Bd7 10. Nbd2 a6 11. Ba4 Qe7 12. Nf1 b5 13. Bc2 Be6 14. d4 Bb6 15. d5
Bd7 16. dxc6 Bxc6 17. Ng3 Bd7 18. Be3 Reb8 19. Bxb6 Rxb6 20. Qd2 Rab8 21. Rad1
a5 22. b4 a4 23. Nh4 Nh7 24. Nhf5 Bxf5 25. Nxf5 Qe6 26. Re3 Kh8 27. Rg3 Rg8 28.
Qd5 Qxd5 29. exd5 Nf6 30. Re3 Re8 31. f3 Kg8 32. g4 Nd7 33. Ng3 g6 34. f4 Nf6
35. f5 Kg7 36. fxg6 fxg6 37. Ne4 Nxe4 38. Bxe4 Rf8 39. Rf1 Rbb8 40. Ref3 Rxf3
41. Rxf3 Rb6 42. h4 Rb7 43. g5 h5 44. Rf6 1-0

[Event "Barber/Rockefeller Qualifier"]
[Site "Chess.com"]
[Date "2020.04.11"]
[Round "?"]
[White "Jammalamadaka, Varnika"]
[Black "Liu, Austin"]
[Result "1/2-1/2"]
[WhiteElo "1592"]
[BlackElo "1791"]
[PlyCount "55"]
[EventDate "2020.??.??"]

1. d4 d5 2. c4 c6 3. cxd5 cxd5 4. Nc3 Nc6 5. Nf3 Nf6 6. Bg5 e6 7. e3 Be7 8. Bd3
h6 9. Bh4 a6 10. O-O O-O 11. Rc1 Bd7 12. Bg3 Nh5 13. Ne5 Nxg3 14. Nxc6 Bxc6 15.
fxg3 Rc8 16. Bc2 g6 17. Qd2 Kg7 18. Rf3 Qd7 19. Rcf1 Rcd8 20. Qd3 f5 21. g4 Bb5
22. Nxb5 Qxb5 23. Qxb5 axb5 24. gxf5 exf5 25. Bd3 Ra8 26. a3 b4 27. axb4 Bxb4
28. Rc1 1/2-1/2

[Event "Barber/Rockefeller Qualifier"]
[Site "Chess.com"]
[Date "2020.04.12"]
[Round "?"]
[White "Liu, Austin"]
[Black "Shi, Ted"]
[Result "0-1"]
[WhiteElo "1791"]
[BlackElo "1689"]
[PlyCount "80"]
[EventDate "2020.??.??"]

1. e4 c5 2. Nf3 d6 3. d4 cxd4 4. Nxd4 Nf6 5. Nc3 a6 6. f3 e5 7. Nb3 Be6 8. Be3
Be7 9. Qd2 O-O 10. g4 Nbd7 11. O-O-O b5 12. Kb1 b4 13. Nd5 Bxd5 14. exd5 a5 15.
h4 Nb6 16. Bxb6 Qxb6 17. h5 a4 18. Nc1 Rfb8 19. g5 Nd7 20. g6 b3 21. cxb3 axb3
22. a3 h6 23. gxf7+ Kxf7 24. Bh3 Nf8 25. f4 exf4 26. Qxf4+ Kg8 27. Rhg1 Kh8 28.
Qf7 Bf6 29. Be6 Nh7 30. Rg2 Qe3 31. Bf5 Rxa3 32. bxa3 Qe5 33. Nxb3 Rxb3+ 34.
Kc1 Qa1+ 35. Kd2 Qc3+ 36. Ke2 Qf3+ 37. Ke1 Bc3+ 38. Rgd2 Bxd2+ 39. Kxd2 Qe3+
40. Kc2 Qc3# 0-1

[Event "Barber/Rockefeller Qualifier"]
[Site "Chess.com"]
[Date "2020.04.12"]
[Round "?"]
[White "Sripathi, Prajna"]
[Black "Liu, Austin"]
[Result "0-1"]
[WhiteElo "1351"]
[BlackElo "1791"]
[PlyCount "112"]
[EventDate "2020.??.??"]

1. e4 c5 2. Nf3 d6 3. Nc3 Nf6 4. Bc4 e6 5. a3 Nc6 6. d3 Be7 7. O-O O-O 8. Re1
a6 9. Ne2 d5 10. exd5 exd5 11. Ba2 Bg4 12. Ng3 Nd4 13. h3 Nxf3+ 14. gxf3 Bxh3
15. Bd2 Bd6 16. Kh2 Bd7 17. Rh1 Qc7 18. Kg2 Bxg3 19. fxg3 Rfe8 20. Bg5 Qe5 21.
Bxf6 Qxf6 22. Bxd5 Bc6 23. Bxc6 Qxc6 24. Qf1 Re5 25. Rh4 Rae8 26. Re4 f5 27.
Rxe5 Rxe5 28. Re1 Qe6 29. Rxe5 Qxe5 30. c3 g5 31. Kf2 Kf7 32. Qe2 Kf6 33. c4
Qxe2+ 34. Kxe2 Ke5 35. b4 b6 36. bxc5 bxc5 37. Kd2 Kd4 38. g4 f4 39. Kc2 Ke3
40. Kc3 a5 41. a4 h6 42. Kc2 Kxf3 43. d4 cxd4 44. c5 Ke2 45. c6 d3+ 46. Kb2 d2
47. c7 d1=Q 48. c8=Q Qd2+ 49. Kb3 f3 50. Qc4+ Qd3+ 51. Qxd3+ Kxd3 52. Kb2 f2
53. Kc1 f1=Q+ 54. Kb2 Qd1 55. Ka2 Kc3 56. Ka3 Qb3# 0-1

[Event "Barber/Rockefeller Qualifier"]
[Site "Chess.com"]
[Date "2020.04.11"]
[Round "?"]
[White "Shanmugam, Meera"]
[Black "Vemparala, Nikash"]
[Result "0-1"]
[WhiteElo "1469"]
[BlackElo "1738"]
[PlyCount "42"]
[EventDate "2020.??.??"]

1. e4 e5 2. Nf3 Nc6 3. Bc4 Bc5 4. c3 Nf6 5. d3 d6 6. b4 Bb6 7. O-O O-O 8. Nbd2
a6 9. Bb3 h6 10. Re1 Kh8 11. Nf1 Nh7 12. Ng3 f5 13. exf5 Bxf5 14. h3 g5 15. Qd2
Bxh3 16. gxh3 Rxf3 17. Kh1 Qd7 18. d4 Qxh3+ 19. Kg1 Raf8 20. Rf1 Rxg3+ 21. fxg3
Rxf1# 0-1

[Event "Barber/Rockefeller Qualifier"]
[Site "Chess.com"]
[Date "2020.04.11"]
[Round "?"]
[White "Vemparala, Nikash"]
[Black "Saravanan, Sujan"]
[Result "1-0"]
[WhiteElo "1738"]
[BlackElo "1529"]
[PlyCount "67"]
[EventDate "2020.??.??"]

1. e4 e6 2. d4 d5 3. exd5 exd5 4. Nf3 Nf6 5. Bd3 c5 6. c3 Nc6 7. O-O cxd4 8.
cxd4 Bd6 9. Re1+ Be6 10. Nc3 O-O 11. Be3 Bg4 12. h3 Bh5 13. Be2 Bb4 14. Rc1 Ne4
15. Qb3 Nf6 16. a3 Bxc3 17. bxc3 b6 18. Bg5 Na5 19. Qa2 h6 20. Bxf6 Qxf6 21.
Qxd5 Bxf3 22. Qxf3 Qd6 23. Ra1 Rac8 24. a4 Rfd8 25. Rac1 Qa3 26. Bb5 Nb3 27.
Rcd1 Na5 28. Re3 Qd6 29. Rde1 Rc7 30. Re8+ Rxe8 31. Rxe8+ Kh7 32. h4 Qa3 33.
Bd3+ g6 34. Qf6 1-0

[Event "Barber/Rockefeller Qualifier"]
[Site "Chess.com"]
[Date "2020.04.12"]
[Round "?"]
[White "Willy, Stephen"]
[Black "Vemparala, Nikash"]
[Result "0-1"]
[WhiteElo "1662"]
[BlackElo "1738"]
[PlyCount "138"]
[EventDate "2020.??.??"]

1. e4 e5 2. Nf3 Nc6 3. Bc4 Nf6 4. d3 Bc5 5. Nc3 O-O 6. Bg5 h6 7. h4 hxg5 8.
hxg5 Ng4 9. g6 Nxf2 10. gxf7+ Rxf7 11. Bxf7+ Kxf7 12. Nxe5+ Nxe5 13. Qh5+ Ng6
14. Qd5+ Ke8 15. Qxc5 Nxh1 16. O-O-O Ng3 17. Nb5 d6 18. Qf2 Qg5+ 19. Kb1 Qxb5
20. Qxg3 Qh5 21. Rf1 Be6 22. b3 Ke7 23. d4 Rf8 24. Rc1 Qg4 25. Qc3 Kd7 26. d5
Bf7 27. Qxg7 Qxg2 28. Re1 Qf2 29. Rh1 Ke7 30. Rh6 Qf6 31. Qh7 Rh8 32. Qxh8 Qxh8
33. Rxh8 Nxh8 34. Kb2 Kf6 35. Kc3 Ke5 36. Kd3 Bg6 37. Ke3 Bxe4 38. c4 Bb1 39.
a3 Ba2 40. Kd3 Bxb3 41. Kc3 Bxc4 42. Kxc4 Ng6 43. a4 Nf4 44. a5 Nxd5 45. Kb5
c6+ 46. Kc4 Ne3+ 47. Kd3 b6 48. axb6 axb6 49. Kxe3 d5 50. Kd3 c5 51. Kc3 Ke4
52. Kc2 c4 53. Kc3 d4+ 54. Kd2 c3+ 55. Kc2 Ke3 56. Kd1 d3 57. Kc1 d2+ 58. Kd1
c2+ 59. Kxc2 Ke2 60. Kc3 d1=Q 61. Kc4 b5+ 62. Kxb5 Qc2 63. Kb4 Qc6 64. Kb3 Qc5
65. Kb2 Qc4 66. Ka3 Qb5 67. Ka2 Kd2 68. Ka3 Kc3 69. Ka2 Qb2# 0-1

[Event "Barber/Rockefeller Qualifier"]
[Site "Chess.com"]
[Date "2020.04.12"]
[Round "?"]
[White "Vemparala, Nikash"]
[Black "Lu, Yiding"]
[Result "0-1"]
[WhiteElo "1738"]
[BlackElo "1691"]
[PlyCount "98"]
[EventDate "2020.??.??"]

1. e4 e6 2. d4 d5 3. exd5 exd5 4. Nf3 Nc6 5. Bd3 Bd6 6. c3 Nge7 7. Be3 Bf5 8.
O-O Qd7 9. Re1 O-O-O 10. b4 Ng6 11. a4 Nf4 12. Bxf4 Bxf4 13. a5 Rhe8 14. Bxf5
Rxe1+ 15. Qxe1 Qxf5 16. b5 Nb8 17. Na3 Qe4 18. c4 f5 19. c5 c6 20. Qb4 cxb5 21.
Qxb5 a6 22. Qb3 Qe6 23. Re1 Qf6 24. Nc2 Nc6 25. Qc3 Bc7 26. Ra1 g5 27. Nd2 Qh6
28. g3 g4 29. Nb3 f4 30. Qd3 Qh5 31. Qe2 Re8 32. Qd2 f3 33. Re1 Rxe1+ 34. Qxe1
Qg6 35. Qd2 Nxa5 36. Nxa5 Bxa5 37. Qxa5 Qxc2 38. Qe1 Qe4 39. Qa1 a5 40. Kf1
Qd3+ 41. Kg1 a4 42. h4 Qe2 43. Qb1 Qe4 44. Qa1 a3 45. Kh2 Qe2 46. Kg1 a2 47.
Qc1 Qc4 48. Qb2 Qa4 49. Qa1 Qc2 0-1

[Event "Barber/Rockefeller Qualifier"]
[Site "Chess.com"]
[Date "2020.04.11"]
[Round "?"]
[White "Lu, Yiding"]
[Black "Merriman, Dann"]
[Result "1-0"]
[WhiteElo "1691"]
[BlackElo "1464"]
[PlyCount "95"]
[EventDate "2020.??.??"]

1. e4 e5 2. Nf3 Nc6 3. Bc4 Bc5 4. c3 Nf6 5. d4 exd4 6. cxd4 Bb4+ 7. Bd2 Bxd2+
8. Nbxd2 O-O 9. d5 Ne7 10. O-O d6 11. Rc1 Bg4 12. Qc2 Ng6 13. h3 Bd7 14. Bb3
Rc8 15. Nc4 Qe7 16. Rfe1 Ne5 17. Nfxe5 dxe5 18. Qc3 Rfe8 19. Na5 b6 20. Nc6
Bxc6 21. Qxc6 Qd7 22. Ba4 Qxc6 23. Rxc6 Red8 24. f3 Rd6 25. Rec1 Rxc6 26. Bxc6
Nh5 27. Bd7 Nf4 28. Kf1 Rd8 29. Rxc7 Nd3 30. b3 Nc5 31. Bc6 g6 32. Rxa7 Kg7 33.
Ke2 Re8 34. Bxe8 Kh6 35. d6 Kg5 36. d7 Nxd7 37. Rxd7 Kf6 38. Rxf7+ Ke6 39. Rxh7
Kd6 40. f4 Kc5 41. f5 gxf5 42. exf5 Kd5 43. f6 Ke6 44. f7 Ke7 45. Rh8 Kd8 46.
f8=Q e4 47. Qf7 e3 48. Bc6# 1-0

[Event "Barber/Rockefeller Qualifier"]
[Site "Chess.com"]
[Date "2020.04.11"]
[Round "?"]
[White "Zhang, Iris"]
[Black "Lu, Yiding"]
[Result "0-1"]
[WhiteElo "1578"]
[BlackElo "1691"]
[PlyCount "78"]
[EventDate "2020.??.??"]

1. e4 e6 2. d4 d5 3. Nd2 c5 4. c3 cxd4 5. cxd4 dxe4 6. Nxe4 Nc6 7. Nf3 Be7 8.
Bc4 Nf6 9. Nxf6+ Bxf6 10. Be3 Ne7 11. O-O Nf5 12. d5 exd5 13. Bxd5 Nxe3 14. Re1
O-O 15. Rxe3 Bxb2 16. Rb1 Bf6 17. Qb3 Rb8 18. Rd3 Qc7 19. Rbd1 Bf5 20. R3d2 a6
21. Nd4 Bg6 22. a4 Rfd8 23. g3 Rd7 24. Ne6 Qa5 25. Nf4 Bf5 26. Bxf7+ Rxf7 27.
Rd5 Qc3 28. Qa2 Bg4 29. R1d3 Qa1+ 30. Qxa1 Bxa1 31. f3 Bf5 32. Rd1 Bc3 33. Rc1
Bf6 34. Rcc5 Bg6 35. Nxg6 hxg6 36. Kf2 Rd8 37. Rxd8+ Bxd8 38. Rc8 Rf8 39. Rb8
Bb6+ 0-1

[Event "Barber/Rockefeller Qualifier"]
[Site "Chess.com"]
[Date "2020.04.12"]
[Round "?"]
[White "Lu, Yiding"]
[Black "Jammalamadaka, Vihaan"]
[Result "1-0"]
[WhiteElo "1691"]
[BlackElo "1637"]
[PlyCount "63"]
[EventDate "2020.??.??"]

1. e4 c5 2. Nf3 Nc6 3. c3 d5 4. exd5 Qxd5 5. d4 cxd4 6. cxd4 Bg4 7. Nc3 Qd8 8.
d5 Nb4 9. Qa4+ Bd7 10. Qxb4 e6 11. Qb3 Nf6 12. Be2 Be7 13. O-O O-O 14. dxe6
Bxe6 15. Qc2 Rc8 16. Ng5 Bd7 17. Bd3 h6 18. Nh7 Nxh7 19. Bxh7+ Kh8 20. Bf5 Bxf5
21. Qxf5 Bf6 22. Qf3 Re8 23. h3 b6 24. Rd1 Qe7 25. Nd5 Qe6 26. Nxf6 gxf6 27.
Bxh6 Rc5 28. Qg3 Rg8 29. Qh4 Qf5 30. Bg5+ Qh7 31. Bxf6+ Rg7 32. Rd8# 1-0

[Event "Barber/Rockefeller Qualifier"]
[Site "Chess.com"]
[Date "2020.04.12"]
[Round "?"]
[White "Lu, Yiding"]
[Black "Shi, Ted"]
[Result "1-0"]
[WhiteElo "1691"]
[BlackElo "1689"]
[PlyCount "79"]
[EventDate "2020.??.??"]

1. e4 c5 2. Nf3 d6 3. d4 cxd4 4. Bc4 Nf6 5. Nxd4 e5 6. Nb3 a6 7. a4 Be7 8. Nc3
O-O 9. O-O Qc7 10. Be2 Be6 11. h3 Nbd7 12. Be3 Rfd8 13. f4 exf4 14. Bxf4 Ne5
15. Nd4 Ng6 16. Nxe6 fxe6 17. Be3 Kh8 18. Kh1 Rac8 19. Rc1 Qa5 20. Bd2 Qb6 21.
Rf3 Ne5 22. Re3 Nfd7 23. Bd3 Rf8 24. a5 Qd8 25. b4 Rf2 26. Qe1 Qf8 27. b5 Nxd3
28. Rxd3 Ne5 29. Re3 Rxd2 30. Qxd2 Bg5 31. Qe2 Rxc3 32. Rf1 Qe8 33. Rxc3 h6 34.
bxa6 bxa6 35. Qxa6 Qg6 36. Qxd6 Qxe4 37. a6 Qe2 38. Rg1 Nc4 39. Rxc4 Qxc4 40.
a7 1-0

[Event "Barber/Rockefeller Qualifier"]
[Site "Chess.com"]
[Date "2020.04.11"]
[Round "?"]
[White "Zhang, Ethan"]
[Black "Shi, Ted"]
[Result "0-1"]
[WhiteElo "1447"]
[BlackElo "1689"]
[PlyCount "72"]
[EventDate "2020.??.??"]

1. d4 Nf6 2. c4 g6 3. Nc3 Bg7 4. Nf3 O-O 5. Bf4 d6 6. e3 Nbd7 7. Be2 b6 8. O-O
Bb7 9. Qb3 Nh5 10. Bg3 Nxg3 11. hxg3 e5 12. d5 f5 13. e4 f4 14. g4 g5 15. Nd2
Nf6 16. f3 Bc8 17. Bd1 h5 18. gxh5 Nxh5 19. g4 fxg3 20. Kg2 Qf6 21. Ne2 Nf4+
22. Nxf4 gxf4 23. Rh1 Bd7 24. Qa3 Kf7 25. Ba4 Qe7 26. Rh7 Rh8 27. Rah1 Rxh7 28.
Rxh7 a5 29. Bxd7 Qxd7 30. b3 Kg8 31. Rh3 b5 32. b4 bxc4 33. bxa5 Qb5 34. Qc3
Qc5 35. Rh1 Qf2+ 36. Kh3 g2 0-1

[Event "Barber/Rockefeller Qualifier"]
[Site "Chess.com"]
[Date "2020.04.11"]
[Round "?"]
[White "Shi, Ted"]
[Black "Shih, Tai"]
[Result "1-0"]
[WhiteElo "1689"]
[BlackElo "1483"]
[PlyCount "115"]
[EventDate "2020.??.??"]

1. d4 Nf6 2. c4 g6 3. Nc3 d5 4. cxd5 Nxd5 5. e4 Nxc3 6. bxc3 Bg7 7. Nf3 c5 8.
Be3 Nc6 9. Be2 Bg4 10. e5 O-O 11. O-O Bxf3 12. Bxf3 cxd4 13. cxd4 Qa5 14. Qb3
Rab8 15. Be4 Qb4 16. Rfd1 Rfd8 17. Qxb4 Nxb4 18. a3 Nc6 19. Rab1 Kf8 20. Bxc6
bxc6 21. Rxb8 Rxb8 22. Rc1 Rc8 23. f4 e6 24. Bd2 f6 25. Bb4+ Kf7 26. Bd6 fxe5
27. fxe5 Bh6 28. Rf1+ Kg7 29. Kf2 Bf4 30. g3 Bg5 31. Rb1 Bd2 32. Rb7+ Kg8 33.
Rxa7 Bc3 34. Ke3 Bb2 35. Re7 Bc1+ 36. Ke4 Bg5 37. Rc7 Rxc7 38. Bxc7 Be7 39. a4
c5 40. dxc5 Bxc5 41. a5 Kf7 42. Bb6 Ke7 43. Bxc5+ Kd7 44. a6 Kc7 45. a7 Kb7 46.
Kf4 h6 47. Ke4 Ka8 48. Kd4 Kb7 49. Bb6 Ka8 50. Kc5 Kb7 51. Kd6 Ka8 52. Kxe6 g5
53. Kf7 h5 54. e6 h4 55. e7 Kb7 56. e8=Q Kxb6 57. a8=Q hxg3 58. Qec6# 1-0

[Event "Barber/Rockefeller Qualifier"]
[Site "Chess.com"]
[Date "2020.04.11"]
[Round "?"]
[White "Willy, Stephen"]
[Black "Liu, Yuntao"]
[Result "1-0"]
[WhiteElo "1662"]
[BlackElo "1408"]
[PlyCount "105"]
[EventDate "2020.??.??"]

1. e4 e5 2. Nf3 Nc6 3. Bc4 Nf6 4. d3 Bc5 5. Nc3 d6 6. Bg5 h6 7. Be3 Nd4 8. h3
O-O 9. Qd2 Be6 10. a3 Qe7 11. Ne2 Nc6 12. Bxh6 gxh6 13. Qxh6 Nh7 14. g4 Qf6 15.
Qxf6 Nxf6 16. g5 Nh5 17. Ng3 Ng7 18. h4 Bg4 19. Nh2 Bh5 20. Nxh5 Nxh5 21. g6
Nd4 22. gxf7+ Rxf7 23. Bxf7+ Kxf7 24. Kd2 Rg8 25. Rag1 Nf4 26. Rxg8 Kxg8 27. c3
Nde6 28. Ng4 Ng7 29. a4 a5 30. Ne3 Bxe3+ 31. fxe3 Nfh5 32. b4 axb4 33. cxb4 Ng3
34. Rg1 N3h5 35. a5 Nf6 36. b5 d5 37. a6 Nd7 38. axb7 Nb8 39. Ra1 Kf7 40. Ra8
Nd7 41. Rd8 Nc5 42. b8=Q Nce6 43. Rh8 Nc5 44. Qxc7+ Kg6 45. Rg8 Nce6 46. Qd6
Kf7 47. Rh8 dxe4 48. dxe4 Kg6 49. Qxe5 Kf7 50. b6 Ng5 51. hxg5 Nh5 52. Qe8+ Kg7
53. Qg8# 1-0

[Event "Barber/Rockefeller Qualifier"]
[Site "Chess.com"]
[Date "2020.04.11"]
[Round "?"]
[White "Zhang, Michelle"]
[Black "Willy, Stephen"]
[Result "0-1"]
[WhiteElo "1371"]
[BlackElo "1662"]
[PlyCount "82"]
[EventDate "2020.??.??"]

1. e4 e5 2. Nf3 Nc6 3. Bc4 Bc5 4. c3 Nf6 5. d4 Bb6 6. dxe5 Nxe4 7. Qd5 O-O 8.
Qxe4 d6 9. O-O Ne7 10. Bg5 d5 11. Qh4 Bc5 12. Bd3 h6 13. Bxh6 gxh6 14. Qxh6 Nf5
15. Qh5 Qd7 16. Ng5 f6 17. e6 Qg7 18. Bxf5 fxg5 19. Bd3 Bxe6 20. Nd2 Bf7 21.
Qh3 g4 22. Qh4 Rae8 23. Nb3 Bb6 24. Nd4 Bg6 25. Bb5 c6 26. Nxc6 bxc6 27. Bxc6
Rd8 28. Qxg4 Rd6 29. Bb5 Rdf6 30. Qg5 Rxf2 31. Rxf2 Rxf2 32. Qxd5+ Bf7 33. Qa8+
Kh7 34. Bd3+ Kh6 35. Qc6+ Rf6+ 36. Kh1 Rxc6 37. Be4 Rc4 38. Bd3 Bd5 39. Bf1 Rf4
40. h3 Rxf1+ 41. Rxf1 Qxg2# 0-1

[Event "Barber/Rockefeller Qualifier"]
[Site "Chess.com"]
[Date "2020.04.12"]
[Round "?"]
[White "Shen, Lixing"]
[Black "Willy, Stephen"]
[Result "0-1"]
[WhiteElo "1479"]
[BlackElo "1662"]
[PlyCount "109"]
[EventDate "2020.??.??"]

1. e4 e5 2. Nf3 Nc6 3. d4 exd4 4. Bc4 Be7 5. O-O Nf6 6. e5 Ng4 7. Re1 d5 8.
exd6 cxd6 9. c3 d5 10. Bb5 O-O 11. Bxc6 bxc6 12. cxd4 c5 13. Be3 Nxe3 14. Rxe3
cxd4 15. Qxd4 Bf6 16. Qd2 d4 17. Rd3 Bf5 18. Rb3 Rc8 19. Na3 d3 20. Ne1 Bg5 21.
f4 Qd4+ 22. Kh1 Bxf4 23. Rb4 Bxd2 24. Rxd4 Rfd8 25. Rxd8+ Rxd8 26. Nc4 Bxe1 27.
Rxe1 h6 28. Kg1 d2 29. Rd1 Be6 30. Rxd2 Rxd2 31. Nxd2 Bxa2 32. b3 Kf8 33. Kf1
Ke7 34. Ke1 Kd6 35. Kd1 Ke5 36. g3 Kf5 37. Kc1 Kg4 38. Kb2 Bxb3 39. Kxb3 Kh3
40. Nf3 Kg2 41. Ne5 f6 42. Ng4 Kh3 43. Ne3 Kxh2 44. Nf5 g5 45. Nxh6 Kxg3 46.
Nf5+ Kf4 47. Nh6 g4 48. Nxg4 Kxg4 49. Kc3 f5 50. Kd3 f4 51. Ke2 a5 52. Ke1 Kf3
53. Kf1 Ke3 54. Ke1 a4 55. Kd1 0-1

[Event "Barber/Rockefeller Qualifier"]
[Site "Chess.com"]
[Date "2020.04.11"]
[Round "?"]
[White "Ma, Lucas"]
[Black "Jammalamadaka, Vihaan"]
[Result "0-1"]
[WhiteElo "1372"]
[BlackElo "1637"]
[PlyCount "108"]
[EventDate "2020.??.??"]

1. e4 c5 2. Nf3 Nc6 3. d4 cxd4 4. Nxd4 Nf6 5. Nc3 e6 6. Be3 Bb4 7. f3 O-O 8.
Qd2 d5 9. Bg5 dxe4 10. Bxf6 Qxf6 11. O-O-O Rd8 12. Qe3 Rxd4 13. Rxd4 Qxd4 14.
Qxe4 Bxc3 15. bxc3 Qxe4 16. fxe4 b6 17. Bb5 Bb7 18. Rd1 Rd8 19. Rd3 Rxd3 20.
cxd3 a6 21. Bc4 b5 22. Bb3 Ne5 23. Kd2 a5 24. Ke3 a4 25. Bc2 Nc6 26. g3 Kf8 27.
d4 Na5 28. Bd3 Nc4+ 29. Bxc4 bxc4 30. Kf4 Ke7 31. g4 f6 32. h4 h6 33. h5 Kf7
34. a3 g5+ 35. hxg6+ Kxg6 36. e5 Bd5 37. Kg3 fxe5 38. dxe5 Kg5 39. Kh3 Bf3 40.
Kg3 Bxg4 41. Kf2 Kf4 42. Kg2 h5 43. Kf2 h4 44. Kg2 h3+ 45. Kh2 Kxe5 46. Kg3 Ke4
47. Kh2 Kd3 48. Kg3 e5 49. Kh2 e4 50. Kg3 e3 51. Kh2 e2 52. Kg3 e1=Q+ 53. Kh2
Qf2+ 54. Kh1 Bf3# 0-1

[Event "Barber/Rockefeller Qualifier"]
[Site "Chess.com"]
[Date "2020.04.11"]
[Round "?"]
[White "Jammalamadaka, Vihaan"]
[Black "Arul, Sharvesh"]
[Result "1-0"]
[WhiteElo "1637"]
[BlackElo "1227"]
[PlyCount "63"]
[EventDate "2020.??.??"]

1. d4 d5 2. c4 e6 3. Nc3 Nf6 4. Nf3 Nc6 5. Bg5 g6 6. cxd5 Nb4 7. dxe6 Bxe6 8.
e4 h6 9. Bh4 g5 10. Nxg5 hxg5 11. Bxg5 Rh5 12. h4 Be7 13. Bxf6 Bxf6 14. Qa4+
Bd7 15. Qxb4 b6 16. Be2 Rxh4 17. Rxh4 Bxh4 18. g3 Be7 19. Qb3 Bf6 20. Bc4 Qe7
21. O-O-O Bg4 22. Nd5 Bxd1 23. Qb5+ Kf8 24. Nxe7 Bxe7 25. Qd5 Ke8 26. Qxa8+ Bd8
27. Qd5 Bh5 28. Qxh5 Kd7 29. Qf5+ Kd6 30. Qd5+ Ke7 31. Qxf7+ Kd6 32. Qe6# 1-0

[Event "Barber/Rockefeller Qualifier"]
[Site "Chess.com"]
[Date "2020.04.12"]
[Round "?"]
[White "Jammalamadaka, Vihaan"]
[Black "Zhang, Michelle"]
[Result "1/2-1/2"]
[WhiteElo "1637"]
[BlackElo "1371"]
[PlyCount "118"]
[EventDate "2020.??.??"]

1. d4 d5 2. c4 e6 3. Nc3 Nf6 4. Nf3 c6 5. Bg5 Nbd7 6. e3 Qa5 7. a3 Ne4 8. Rc1
Nxc3 9. Rxc3 Bxa3 10. Nd2 Bxb2 11. Rc2 Bc3 12. Be2 O-O 13. O-O Bb4 14. c5 Qc7
15. Be7 Re8 16. Bd6 Qd8 17. Bd3 Nf6 18. e4 Bxd2 19. e5 Bg5 20. exf6 Qxf6 21.
Rc3 Qh6 22. Bc2 e5 23. Bxe5 Bf4 24. Bxf4 Qxf4 25. Rf3 Qh6 26. Rg3 Be6 27. Re1
Bd7 28. Ree3 a5 29. Qb1 Rab8 30. Qb6 Rxe3 31. Rxe3 Re8 32. Rxe8+ Bxe8 33. Bd3
Qc1+ 34. Bf1 a4 35. Qd8 Qe1 36. Qa8 g6 37. Qxa4 Bd7 38. Qa8+ Kg7 39. Qxb7 Bg4
40. Qc7 Bf5 41. Qe5+ Qxe5 42. dxe5 f6 43. exf6+ Kxf6 44. f4 Bg4 45. Kf2 Kf5 46.
Ke3 Bd1 47. h3 h5 48. g3 Bc2 49. Ba6 Ba4 50. Bc8+ Kf6 51. g4 hxg4 52. hxg4 g5
53. fxg5+ Kxg5 54. Bd7 Bb5 55. Kd4 Kf4 56. Bc8 Bc4 57. Bd7 Bb5 58. Bc8 Bc4 59.
Bd7 Bb5 1/2-1/2

[Event "Barber/Rockefeller Qualifier"]
[Site "Chess.com"]
[Date "2020.04.12"]
[Round "?"]
[White "Zhang, Iris"]
[Black "Jammalamadaka, Vihaan"]
[Result "0-1"]
[WhiteElo "1578"]
[BlackElo "1637"]
[PlyCount "110"]
[EventDate "2020.??.??"]

1. e4 c5 2. Nc3 e6 3. f4 d5 4. Bb5+ Nc6 5. Bxc6+ bxc6 6. Nf3 Be7 7. O-O Nf6 8.
d3 d4 9. Ne2 O-O 10. Ne5 Bb7 11. f5 exf5 12. Rxf5 Nd7 13. Nc4 Bf6 14. Rf3 Ne5
15. Nxe5 Bxe5 16. Nf4 Bc8 17. Rg3 Qd6 18. Qf3 f5 19. Ne2 Bxg3 20. Nxg3 fxe4 21.
Qxe4 Qf6 22. Qe2 Bg4 23. Qe1 Rae8 24. Ne4 Qg6 25. Qg3 Be2 26. Bg5 Qf5 27. h3
Qe5 28. Qxe5 Rxe5 29. Re1 Bh5 30. Be7 Re8 31. Bd6 Rd5 32. Rf1 h6 33. Rf4 Bg6
34. Bxc5 Bxe4 35. Bxa7 Bg6 36. Bxd4 Bh5 37. c4 g5 38. cxd5 gxf4 39. dxc6 Rc8
40. b4 Rxc6 41. a4 Be2 42. b5 Rc8 43. a5 Bxd3 44. b6 Ba6 45. Kf2 Rc4 46. Be5
Rc5 47. Bxf4 Rxa5 48. Bxh6 Rb5 49. Be3 Bb7 50. g3 Kg7 51. h4 Kg6 52. Kg1 Kh5
53. Bf2 Rb1+ 54. Be1 Rxe1+ 55. Kf2 Rb1 0-1